Регионална библиотека "Любен Каравелов" - Русе

Речник на прехода (Запис номер 461312)

MARC детайли
000 -Лидер
Контролно поле с фиксирана дължина nam a22 a 4500
003 - Код на организацията, давaща контролен номер
Контролно поле BLK
005 - Дата и час на последна редакция
Контролно поле 20221216164450.0
008 - Елементи от данни с фиксирана дължина
fixed length control field 180408b bul|||||r ||||||| ||bul||
010 ## - Наследен системен номер
LC control number KNG00071740000
020 ## - Международен стандартен номер на книга ISBN
Международен стандартен номер на книга ISBN 9786190110453
040 ## - Източник на каталожния запис
Идентификатор на билиотеката - собственик на записа BLK
041 ## - Код за език
Код за езика на текст/звукозапис или на отделно заглавие Български
Код за езика КДБФ Български
080 ## - УДК
Текстов определител УДК Социология на комуникацията. Социология на средствата за масови комуникации, за масова култура и пропаганда. Аудиовизия(социол. аспекти)
УДК код - определител по УДК 316.77
УДК - код + определител 316.77
100 1# - Редна дума - Автор
Автор Денков, Димитър Ангелов
Авторска отговорност първи автор
R(LIN) 293423
139 ## - Редно поле
Редна дума Денков, Димитър Ангелов
Авторски знак Дени - Д 43
245 10 - Сведения за заглавието
Заглавие Речник на прехода
Подзаглавни данни Феноменология и френология на новоговора
Редно поле (дума) Димитър Денков.
257 ## - Страна на издаване
Страна на създаване/издаване България
260 ## - Област на издателските данни
Място на издаване, разпространение и проч. София
Име на издателя, разпространителя и проч. Изток-Запад
Година на издаване 2022
9 (RLIN) 210881
Издателство - префикс ISBN 978-619-01- ; 978-619-152- ; 978-954-321- ; 954-8945-
300 ## - Физическа характеристика
Страници 223 с.
Размери/Мащаб 21 см
380 ## - Жанр
Жанр Обществени науки
650 #0 - Допълнително описание по предмет – тема
Основно описание – тема или топоним Комуникация - социологични проблеми
9 (RLIN) 268240
653 #0 - Ключова дума – ненормативна
Ключова дума публично говорене
9 (RLIN) 461594
852 ## - Местоположение
Форматна сигнатура Цб 315570
Фондова буква Хранилище
856 4# - Електронен адрес и достъп
Електронен формат pdf - файл
Инструкция (цена за достъп) 0.00
Права за достъп disable
856 4# - Електронен адрес и достъп
Електронен формат pdf - файл
Инструкция (цена за достъп) 0.00
Права за достъп disable
999 ## - СИСТЕМНИ КОНТРОЛНИ НОМЕРА
Koha biblionumber 461312
Koha biblioitemnumber 461312
942 ## - АРТИКУЛИ
Вид на библиотечния материал Книги
Скрит в OPAC Не
Периодичен библиозапис Да
Koha issues (borrowed), all copies 1
944 ## - СЪЗДАВАНЕ И РЕДАКЦИЯ на ЗАПИСА
Служител, извършил регистрацията/редакцията ТД
999 ## - СИСТЕМНИ КОНТРОЛНИ НОМЕРА
Koha biblioitemnumber 461312
999 ## - СИСТЕМНИ КОНТРОЛНИ НОМЕРА
Koha biblioitemnumber 461312
Наличности
Код за отписване Код за изгубен артикул Източник на класификационната схема Код за повреда Коз за рестрикции Код за отдаване Артикулен № Име на библиотеката - собственик Име на библиотеката, в която се намира в момента Статус (Текущо местоположение) Дата на вписване в системата Местоположение - отдел Цена в лева Систематично азбучна сигнатура Баркод Цена в евро Служебен тип на артикула
  Не е изгубен Universal Decimal Classification Не е повреден без рестрикции заемане за дома 889853 Регионална библиотека "Любен Каравелов" Русе Регионална библиотека "Любен Каравелов" Русе Заемна - подръчен фонд 2022-06-15 Заемна - подръчен фонд 14.92 316.7/Д 43 Д 120000872792 7.63 Книги
  Не е изгубен Universal Decimal Classification Не е повреден само за читалня ползва се в читалня 920523 Регионална библиотека "Любен Каравелов" Русе Регионална библиотека "Любен Каравелов" Русе Хранилище 2022-12-19 Хранилище 19.90 Цб 315570 120000880424 10.17 Книги
Vip Innovations Ltd, Rousse, Bulgaria 2025